书目信息 |
| 题名: |
上扬子地块西缘壳幔电性结构特征研究
|
|
| 作者: | 覃庆炎 著 | |
| 分册: | ||
| 出版信息: | 北京 电子工业出版社 2020.01 |
|
| 页数: | 11, 200页 | |
| 开本: | 24cm | |
| 丛书名: | ||
| 单 册: | ||
| 中图分类: | P548.2 , P319.2 | |
| 科图分类: | ||
| 主题词: | 扬子板块--yang zi ban kuai--地壳--电性--研究 | |
| 电子资源: | ||
| ISBN: | 978-7-121-36927-8 | |
| 000 | 01220nam0 2200253 450 | |
| 001 | 0106081759 | |
| 005 | 20201106082043.0 | |
| 010 | @a978-7-121-36927-8@dCNY79.00 | |
| 100 | @a20191214d2020 em y0chiy50 ea | |
| 101 | 0 | @achi |
| 102 | @aCN@b110000 | |
| 105 | @aa z 000yy | |
| 106 | @ar | |
| 200 | 1 | @a上扬子地块西缘壳幔电性结构特征研究@Ashang yang zi di kuai xi yuan ke man dian xing jie gou te zheng yan jiu@dResearch on the electrical structure of crust and mantle of western margin of the Yangtze plate@f覃庆炎著@zeng |
| 210 | @a北京@c电子工业出版社@d2020.01 | |
| 215 | @a11, 200页@c图@d24cm | |
| 330 | @a本书以大地电磁二维带地形反演成像为技术手段,采用大地电磁测深法(MT)和长周期大地电磁测深法(LMT)相结合的探测模式,结合地表地质和区域构造地质,从中上地壳和岩石圈两个不同分辨尺度对上扬子地块西缘深部壳幔电性结构进行了深入的研究,试图探索电性结构所代表的地质和动力学意义。 | |
| 510 | 1 | @aResearch on the electrical structure of crust and mantle of western margin of the Yangtze plate@zeng |
| 606 | 0 | @a扬子板块@Ayang zi ban kuai@x地壳@x电性@x研究 |
| 690 | @aP548.2@v5 | |
| 690 | @aP319.2@v5 | |
| 701 | 0 | @a覃庆炎@Aqin qing yan@4著 |
| 801 | 0 | @aCN@bBJSZM@c20201106 |
| 905 | @b1191288-91@dP548.2@e153@f4 | |
| 上扬子地块西缘壳幔电性结构特征研究=Research on the electrical structure of crust and mantle of western margin of the Yangtze plate/覃庆炎著.-北京:电子工业出版社,2020.01 |
| 11, 200页:图;24cm |
| ISBN 978-7-121-36927-8:CNY79.00 |
| 本书以大地电磁二维带地形反演成像为技术手段,采用大地电磁测深法(MT)和长周期大地电磁测深法(LMT)相结合的探测模式,结合地表地质和区域构造地质,从中上地壳和岩石圈两个不同分辨尺度对上扬子地块西缘深部壳幔电性结构进行了深入的研究,试图探索电性结构所代表的地质和动力学意义。 |
| ● |
| 相关链接 |
|
|
|
|
正题名:上扬子地块西缘壳幔电性结构特征研究
索取号:P548.2/153
 
预约/预借
| 序号 | 登录号 | 条形码 | 馆藏地/架位号 | 状态 | 备注 |
| 1 | 1191288 | 211912885 | 第二样本阅览室/ [索取号:P548.2/153] | 在馆 | |
| 2 | 1191289 | 211912894 | 第三借阅区/ [索取号:P548.2/153] | 在馆 | |
| 3 | 1191290 | 211912901 | 第三借阅区/ [索取号:P548.2/153] | 在馆 | |
| 4 | 1191291 | 211912910 | 第三借阅区/ [索取号:P548.2/153] | 在馆 |